=LDR 00000nam 2200000 4500 =001 INLIS000000000043807 =005 20131008103814 =008 ***********************************ind** =035 ##$$0010-101300000001729 =041 ##$$a ind =082 ##$$a 912 =090 ##$$a R 912, Zaz a =100 ##$$a Zazuli =245 ##$$a Atlas persada dan dunia, Zazuli; ST Nogoro =260 ##$$a 1991 $b Jakarta =300 ##$$a 64 hlm, ilus, 28 cm =650 ##$$a Atlas Persada dan Dunia =850 ##$$a NBPNMAT